000 00317nam a2200133Ia 4500
008 140626s9999 xx 000 0 und d
100 _aBuck, Marty
245 _aLeaders Teaching Leaders /
_cMarty Buck.
260 _cc2012.
300 _a57 : 9, page 60
440 _aHR Magazine
521 _aBSBA
942 _cSE
999 _c121481
_d121481